000
00200 a2200097 4500
020
_a
9780375830327
041
_a
eng
100
_a
Pope Osborne, Mary
245
_a
Season of the sandstorms
942
_c
BK
999
_c
31971
_d
31969